000 00583cas a22001935a 4500
001 L138078
008 070515c xxkzr p 0 a0eng u
035 _a(Sirsi) u138078
041 0 _aeng
110 2 _aRoyal Institution of Chartered Surveyors
_bMerseyside and Isle of Man Branch
_91159
245 0 0 _aMerseyside and Isle of Man Branch Events
260 _aLiverpool
_bRICS
_c[198?]-[199?]
362 0 _aApril/May/June 1989-January/February 1991
554 _aNot known
651 4 _aISLE OF MAN
651 4 _aMERSEYSIDE
785 0 0 _tChartered Surveyor North West
942 _n0
999 _c118949
_d118949